Statistiques concernant Abbaye de Murbach (avec carte !)

Cliquez ici pour prendre le quiz!

Statistiques générales

  • Ce quiz a été pris 12 fois
  • Le résultat moyen est 8 sur 29

Réponses sur la Carte

Les réponses sont colorées sur une échelle allant du rouge au vert en fonction du pourcentage des utilisateurs qui les ont devinées à leur premier essai. Vous pouvez retrouver ces pourcentages ci-dessous.
 

Statistiques - réponses

Country% Correct
Murbach
90%
Guebwiller
70%
Buhl
50%
Lautenbach
50%
Lautenbachzell
50%
Altenbach
30%
Bergholtz
30%
Bergholtzzell
30%
Goldbach
30%
Kruth
30%
Linthal
30%
Moosch
30%
Urbès
30%
Wattwiller
30%
Wildenstein
30%
Fellering
20%
Husseren-Wesserling
20%
Ranspach
20%
Saint-Amarin
20%
Berrwiller
10%
Bitschwiller
10%
Geishouse
10%
Malmerspach
10%
Mitzach
10%
Mollau
10%
Oderen
10%
Storckensohn
10%
Uffholtz
10%
Willer-sur-Thur
10%

Distribution des résultats

Percentile par nombre de réponses

% des personnes avec chaque résultat

Votre développement - résultats

Vous n’avez pas pris ce quiz